000 01042nam a2200253 i 4500
001 171349
003 ES-MaACL
005 20250808062804.0
008 090512s1970 sp |||| | spa d
245 0 0 _aComentarios al decreto Optatam totius sobre la formación sacerdotal /
_cautores, M. Andrés... [et al.] ; edición dirigida por José Delicado Baeza ; prólogo de Ángel Suquía.
260 _aMadrid :
_b[La Editorial Católica],
_c1970.
300 _aXII, 620 p. ;
_c20 cm.
490 1 _aBiblioteca de autores cristianos ;
_v309
546 _aTexto del decreto en latín y traducción en español.
594 _aPrecede al tít. : Concilio Vaticano II.
650 0 4 _aSacerdotes-
_xEducación.
_916960
700 1 _aSuquía Goicoechea, Ángel.
_9108809
700 0 _aDelicado Baeza, José.
_943513
700 0 _aAndrés, Melquiades.
_921581
711 2 _aConcilio Vaticano (
_n2º.
_d1962-1965)
_9122
830 0 0 _aBiblioteca de autores cristianos
_v309
_9178679
852 _aES-MaACL
_jJ-302
_9R.46092
999 _c171349
_d171349